Dies irae (Record no. 20442)
[ view plain ]
| 000 -LEADER | |
|---|---|
| fixed length control field | 00951nam a22002890i 4500 |
| 001 - CONTROL NUMBER | |
| control field | 20442 |
| 003 - CONTROL NUMBER IDENTIFIER | |
| control field | VRT |
| 005 - DATE AND TIME OF LATEST TRANSACTION | |
| control field | 20260122141047.0 |
| 008 - FIXED-LENGTH DATA ELEMENTS--GENERAL INFORMATION | |
| fixed length control field | 090724s1995 SK r 000 slo d |
| 020 ## - INTERNATIONAL STANDARD BOOK NUMBER | |
| International Standard Book Number | 808883452X |
| 035 ## - SYSTEM CONTROL NUMBER | |
| System control number | (SVKBBclas03)vtls000019443 |
| 040 ## - CATALOGING SOURCE | |
| Original cataloging agency | SVKBB |
| Language of cataloging | slo |
| Transcribing agency | SVKBB |
| Description conventions | AACR2 |
| 041 0# - LANGUAGE CODE | |
| Language code of text/sound track or separate title | slo |
| 080 ## - UNIVERSAL DECIMAL CLASSIFICATION NUMBER | |
| Universal Decimal Classification number | 885.4-32 |
| 090 ## - LOCALLY ASSIGNED LC-TYPE CALL NUMBER (OCLC); LOCAL CALL NUMBER (RLIN) | |
| Classification number (OCLC) (R) ; Classification number, CALL (RLIN) (NR) | A 94671 |
| 100 1# - MAIN ENTRY--PERSONAL NAME | |
| Personal name | Kukučín, Martin, |
| Dates associated with a name | 1860-1928. |
| Relator term | Matej Bencúr. |
| 245 00 - TITLE STATEMENT | |
| Title | Dies irae |
| Remainder of title | Rysavá jalovica |
| Statement of responsibility, etc. | Martin Kukučín |
| 260 ## - PUBLICATION, DISTRIBUTION, ETC. | |
| Place of publication, distribution, etc. | Rohovce |
| Name of publisher, distributor, etc. | Interpopulart Slovakia |
| Date of publication, distribution, etc. | [1995] |
| 300 ## - PHYSICAL DESCRIPTION | |
| Extent | 102 s. |
| Other physical details | Lit. |
| Dimensions | 19 |
| 440 0# - SERIES STATEMENT/ADDED ENTRY--TITLE | |
| Title | (Populart). |
| 500 ## - GENERAL NOTE | |
| General note | Študentská knižnica 53. Séria: Slovenská realistická próza |
| 653 ## - INDEX TERM--UNCONTROLLED | |
| Uncontrolled term | poviedky slovenské. |
| 942 ## - ADDED ENTRY ELEMENTS (KOHA) | |
| Source of classification or shelving scheme | Dewey Decimal Classification |
| Koha item type | Krásna literatúra pre dospelých |
| Suppress in OPAC | No |
| 949 ## - LOCAL PROCESSING INFORMATION (OCLC) | |
| 6 | 270001000028390 |
| a | svkbbA 94671 |
| b | svkbbm 612574 |
| p | 612.574 |
| 949 ## - LOCAL PROCESSING INFORMATION (OCLC) | |
| 6 | 270001000066126 |
| a | svkbbA 94671 |
| b | svkbbm 613238 |
| p | 613.238 |
| 949 ## - LOCAL PROCESSING INFORMATION (OCLC) | |
| 6 | 270001000035031 |
| a | svkbbA 94671 |
| b | svkbbm 612573 |
| p | 612.573 |
| Stav vyradenia | Strata | Poškodenie | Spôsob nadobudnutia | Domovská knižnica | Aktuálna knižnica | Dátum nadobudnutia | Total checkouts | Čiarový kód exemplára | Date last seen | Typ exemplára |
|---|---|---|---|---|---|---|---|---|---|---|
| Dar | Obecná knižnica Horná Štubňa | Obecná knižnica Horná Štubňa | 22.01.2026 | 808883452X | 22.01.2026 | Krásna literatúra pre dospelých |
